Country Flag Combinations #2 - Statistics

General Stats
  • This quiz has been taken 9 times
  • The average score is 23 of 32
Answer Stats
Answers % Correct
Top left: {Malta}
100%
Top right: {Russia}
100%
Bottom Left: {Armenia}
88%
Bottom left: {Bahrain}
88%
Top left: {Bulgaria}
88%
Top right: {Trinidad & Tobago}
88%
Bottom left: {Albania}
75%
Bottom left: {Liberia}
75%
Bottom left: {South Sudan}
75%
Bottom right: {Angola}
75%
Bottom right: {Burundi}
75%
Bottom right: {F.S. Micronesia}
75%
Bottom right: {Germany}
75%
Bottom right: {Jamaica}
75%
Bottom right: {Panama}
75%
Top left: {Bahamas}
75%
Top left: {Czechia}
75%
Top left: {Kenya}
75%
Top right: {Malawi}
75%
Top right: {St, Kitts & Nevis}
75%
Top right: {USA}
75%
Bottom left: {Botswana}
63%
Bottom left: {Vanuatu}
63%
Top left: {Gambia}
63%
Top left: {St. Lucia}
63%
Top right: {Rwanda}
63%
Bottom left: {Hungary}
50%
Bottom right: {Central African Republic}
50%
Bottom right: {Malaysia}
50%
Top left: {Mauritius}
50%
Top right: {Marshall Islands}
50%
Top right: {Sierra Leone}
38%
No matching quizzes found
Score Distribution
Percent of People with Each Score
Percentile by Number Answered
Your Score History
You have not taken this quiz